Largest Cities in South America Beginning With 'B' - Statistics

General Stats
  • This quiz has been taken 155 times
  • The average score is 8 of 18
Answer Stats
# Population Country Answer % Correct
1 16,700,000 Argentina Buenos Aires
100%
2 10,200,000 Colombia Bogotá
99%
4 4,175,000 Brazil Brasília
95%
3 5,150,000 Brazil Belo Horizonte
92%
5 2,275,000 Colombia Barranquilla
85%
5 2,275,000 Brazil Belém
82%
7 1,330,000 Venezuela Barquisimeto
50%
7 1,330,000 Colombia Bucaramanga
50%
10 454,200 Venezuela Barcelona
29%
11 426,590 Brazil Boa Vista
23%
14 299,000 Argentina Bahía Blanca
17%
9 522,426 Brazil Blumenau
16%
13 356,800 Venezuela Barinas
9%
15 249,700 Colombia Buenaventura
9%
12 394,253 Brazil Bauru
7%
17 188,200 Colombia Barrancabermeja
4%
18 183,550 Brazil Barra Mansa
1%
16 193,184 Brazil Bento Gonçalves
0%
No matching quizzes found
Score Distribution
Percent of People with Each Score
Percentile by Number Answered
Your Score History
You have not taken this quiz